000 00324nam a2200133Ia 4500
008 231129s1968||||xx |||||||||||||| ||spa||
040 _bspa
082 _a920 R621i
100 _aRivera y Garrido Luciano
245 0 _aImpresiones y recuerdos
260 _c1968
264 _aCali Colombia : Carvajal
942 _2ddc
_cBKS
999 _c15616
_d15616